Ni xiang huo chu zenyang de rensheng / (Record no. 183308)
[ view plain ]
| 000 -LEADER | |
|---|---|
| fixed length control field | 01357nam a2200349 i 4500 |
| 005 - DATE AND TIME OF LATEST TRANSACTION | |
| control field | 20211120125713.0 |
| 008 - FIXED-LENGTH DATA ELEMENTS--GENERAL INFORMATION | |
| fixed length control field | 210407s2019 cc a|||g ||| ||0 1 chi d |
| 020 ## - INTERNATIONAL STANDARD BOOK NUMBER | |
| International Standard Book Number | 9787544280020 |
| Terms of availability | RM 54.50 |
| Qualifying information | hardback |
| 040 ## - CATALOGING SOURCE | |
| Original cataloging agency | PPAK |
| Language of cataloging | eng |
| Transcribing agency | PPAK |
| Description conventions | rda |
| 041 ## - LANGUAGE CODE | |
| Language code of text/sound track or separate title | chi |
| Language code of original | jpn |
| 082 04 - DEWEY DECIMAL CLASSIFICATION NUMBER | |
| Edition number | 23 |
| Classification number | 895.635 |
| 090 00 - LOCALLY ASSIGNED LC-TYPE CALL NUMBER (OCLC); LOCAL CALL NUMBER (RLIN) | |
| Classification number (OCLC) (R) ; Classification number, CALL (RLIN) (NR) | 895.635 |
| Feature heading | GEN |
| Feature heading | G |
| 100 1# - MAIN ENTRY--PERSONAL NAME | |
| Linkage | 880-01 |
| Personal name | Gensaburo, Yoshino, |
| Dates associated with a name | 1899-1981 |
| Relator term | author. |
| 240 10 - UNIFORM TITLE | |
| Uniform title | What life you want to have. |
| Language of a work | Chinese |
| 245 10 - TITLE STATEMENT | |
| Linkage | 880-02 |
| Title | Ni xiang huo chu zenyang de rensheng / |
| Statement of responsibility, etc. | (Japanese) Yoshino Gensaburo; (Japanese) Wakita Kazue; Shi shi translation |
| 246 33 - VARYING FORM OF TITLE | |
| Linkage | 880-03 |
| Title proper/short title | Kimitachi wa dou ikiruka |
| 264 #1 - PRODUCTION, PUBLICATION, DISTRIBUTION, MANUFACTURE, AND COPYRIGHT NOTICE | |
| Place of production, publication, distribution, manufacture | Hai kou, China : |
| Name of producer, publisher, distributor, manufacturer | Nan Hai Press , |
| Date of production, publication, distribution, manufacture, or copyright notice | 2019 |
| 300 ## - PHYSICAL DESCRIPTION | |
| Extent | 261 pages : |
| Other physical details | illustrations (black and white) ; |
| Dimensions | 21 cm. |
| 336 ## - CONTENT TYPE | |
| Content type term | text |
| Source | rdacontent |
| 337 ## - MEDIA TYPE | |
| Media type term | unmediated |
| Source | rdamedia |
| 338 ## - CARRIER TYPE | |
| Carrier type term | volume |
| Source | rdacarrier |
| 546 ## - LANGUAGE NOTE | |
| Language note | Text in simplified Chinese scripts. |
| 650 10 - SUBJECT ADDED ENTRY--TOPICAL TERM | |
| Topical term or geographic name entry element | Japanese fiction |
| General subdivision | Translations into Chinese. |
| 700 1# - ADDED ENTRY--PERSONAL NAME | |
| Linkage | 880-04 |
| Personal name | Wakita, Kazue, |
| Dates associated with a name | 1908-2005 |
| Relator term | illustrator. |
| Linkage | 880-05 |
| Personal name | Shi shi, |
| Relator term | translator. |
| 880 1# - ALTERNATE GRAPHIC REPRESENTATION | |
| Linkage | 100-01 |
| a | (日)吉野源三郎 |
| d | 1899-1981 |
| e | 著 |
| Linkage | 245-02 |
| a | 你想活出怎样的人生 |
| Linkage | 246-03 |
| a | 君たちはどう生きるか |
| Linkage | 700-04 |
| a | (日)胁田和 |
| d | 1908-2005 |
| e | 绘 |
| Linkage | 700-05 |
| a | 史诗 |
| e | 译 |
| 942 ## - ADDED ENTRY ELEMENTS (KOHA) | |
| Source of classification or shelving scheme | Dewey Decimal Classification |
| Koha item type | Book |
| Withdrawn | Not for loan | Current library | Shelving location | Date acquired | Total Checkouts | Full call number | Barcode | Date last seen | Date last checked out | Koha item type | Total Renewals |
|---|---|---|---|---|---|---|---|---|---|---|---|
| Perpustakaan Alor Setar | Pinjaman Dewasa | 27/04/2021 | 10 | 895.635 GEN | A01687646 | 16/03/2025 | 23/02/2025 | Book | |||
| Perpustakaan Awam Sungai Petani | Pinjaman Dewasa | 27/04/2021 | 2 | 895.635 GEN | A01687647 | 20/08/2025 | 30/07/2025 | Book | 1 |